Word Ladder: Olympic Games Quiz Stats

Quiz Updated Feb 7, 2018

Challenge
Share
Tweet
Embed
Score 0/15 Timer 02:00
1 Play Today
Clue 4-Letter Word % Correct
Graduation monthJUNE
96.5%
Olympic prizeGOLD
87.7%
Auctioned offSOLD
83.9%
Fireplace fuelLOGS
74.9%
Chatroom chucklesLOLS
74.5%
Jupiter's wifeJUNO
73%
French moonLUNE
72.3%
Without helpSOLO
70.9%
Clue 4-Letter Word % Correct
Present Olympic sport ★ LUGE ★
67.3%
Drags alongLUGS
64.5%
Former Olympic sport ★ POLO ★
60.4%
Present Olympic sport ★ JUDO ★
55.8%
Lounge aroundLOLL
54.1%
Question sessionPOLL
52.8%
Current (and former) Olympic sport ★ GOLF ★
50.4%

Today's Daily Dose

You're not logged in!

Compare scores with friends on all Sporcle quizzes.
Join for Free
OR
Log In

You Might Also Like...

Show Comments

Extras

Top Quizzes Today


Score Distribution

Your Account Isn't Verified!

In order to create a playlist on Sporcle, you need to verify the email address you used during registration. Go to your Sporcle Settings to finish the process.

Report this User

Report this user for behavior that violates our Community Guidelines.

Details: